00369nam a2200145Ia 4500008004100000082001600041100001300057245005100070250000800121260002700129300001000156500002500166650001500191700001700206230524s9999 xx 000 0 und d a658.15bGOR aE.Gordon 0aFinancial Markets And Services 5th Revised ed. aIST aMUMBAIbHimalayac2009 aX;405 aQuantity Number: 30 aManagement a K.Natarajan